000 00751nam a2200289Ia 4500
003 GCL
008 140319s9999 xx 000 0 eng d
020 _a9781857433
040 _aGCL /
_cGCL
082 0 4 _aREF
_b956
_bD M
100 1 _aDEAN, LUCY
245 1 0 _aTHE MIDDLE EAST AND NORTH AFRICA 2007 /
_cDEAN, LUCY
250 _a53
260 _aانجلترا :
_bROUTLEDGE ،
_c2007
300 _a28 CM ؛
_c1402 P
650 0 4 _aEGYPT
650 0 4 _aISRAEL
650 0 4 _aMIDDLE EAST
650 0 4 _aLIBYA
650 0 4 _aNORTH AFRICA
650 0 4 _aIRAN
650 0 4 _aMIDDLE EAST - HISTORY
650 0 4 _aMIDDLE EAST - PERIODICALS
650 0 4 _aNORTH AFRICA - HISTORY
650 0 4 _aNORTH AFRICA - ECONOMIC CONDITIONS
942 _2ddc
_cREF
999 _c9395
_d9395